00488nam a2200193 a 4500001001300000003000900013005001700022008004100039020002300080082001800103100001500121245003600136260003500172300000900207500003500216505001000251650001800261700001500279nice12345678IN_TiNIC20260116014430.0050524s2003 cala grp 000 0 eng  a8170467 c52500a306.0954bLAL aLal, Vinay aOf Cricket, Guinness and Gandhi aCalcuttabSeagull Books c2003 a223p aincludes index and biblioraphy2 aIndex aIndia-Culture1 aLal, Vinay